con Pombo y platillos / (Registro nro. 2607)

Detalles MARC
000 -CABECERA
Longitud fija campo de control 01217nam a2200289 a 4500
003 - • IDENTIFICADOR DELl NÚMERO DE CONTROL
Identificador del número de control CO-ViMGA
008 - • CÓDIGOS DE INFORMACIÓN DE LONGITUD FIJA
Códigos de información de longitud fija 141112s2004 ck r 000 u spa d
020 ## - • NÚMERO INTERNACIONAL NORMALIZADO PARA LIBROS
Número Internacional Normalizado para Libros (ISBN) 9789589177679
040 ## - FUENTE DE LA CATALOGACIÓN
Centro catalogador de origen CO-ViMGA
Lengua de catalogación spa
Centro transcriptor CO-ViMGA
100 1# - • PUNTO DE ACCESO PRINCIPAL-NOMBRE DE PERSONA
Nombre de persona Pombo, Rafael, 1833 - 1912
245 10 - • TITULO PROPIAMENTE DICHO
Título con Pombo y platillos /
Mención de responsabilidad, etc. Rafael Pombo ; ilustraciones José Sanabria, Daniel Gómez, José Rosero
250 ## - • MENCIÓN DE EDICIÓN
Mención de edición 1a ed.
300 ## - • DESCRIPCIÓN FÍSICA
Extensión 32 p. : il. col.
490 ## - • MENCIÓN DE SERIE
Mención de serie Leer es mi cuento, 2 :
505 ## - • NOTA DE CONTENIDO CON FORMATO
Nota de contenido con formato Mirringa mirronga - - El renacuajo paseador - - Juan Chunguero - - Pastorcita - - Juan Matachín - - Tía Pasitrote - - Las siete vidas del gato - - La pobre viejecita - - Juaco el ballenero - - El pardillo - - La marrana peripuesta - - Simón el bobito - - El niño y l
650 14 - • PUNTO DE ACCESO ADICIONAL DE MATERIA - TÉRMINO DE MATERIA
Término de materia o nombre geográfico como elemento inicial AUTORES COLOMBIANOS
650 14 - • PUNTO DE ACCESO ADICIONAL DE MATERIA - TÉRMINO DE MATERIA
Término de materia o nombre geográfico como elemento inicial DESDE LOS 3 AÑOS
650 14 - • PUNTO DE ACCESO ADICIONAL DE MATERIA - TÉRMINO DE MATERIA
Término de materia o nombre geográfico como elemento inicial ILUSTRADORES COLOMBIANOS
650 14 - • PUNTO DE ACCESO ADICIONAL DE MATERIA - TÉRMINO DE MATERIA
Término de materia o nombre geográfico como elemento inicial LITERATURA INFANTIL COLOMBIANA
650 14 - • PUNTO DE ACCESO ADICIONAL DE MATERIA - TÉRMINO DE MATERIA
Término de materia o nombre geográfico como elemento inicial POESIA INFANTIL COLOMBIANA - SIGLO XX
650 14 - • PUNTO DE ACCESO ADICIONAL DE MATERIA - TÉRMINO DE MATERIA
Término de materia o nombre geográfico como elemento inicial RIMAS INFANTILES
700 1# - • PUNTO DE ACCESO ADICIONAL - NOMBRE DE PERSONA
Nombre de persona Sanabria, José Rosero, José
942 ## - ENTRADA DE ELEMENTOS AGREGADOS (KOHA)
Fuente de clasificaión o esquema Dewey Decimal Classification
Koha [por defecto] tipo de item LIbro
Existencias
Perdido Fuente de clasificación o esquema Estado Físico No para préstamo Forma de adquisición Localización permanente Localización actual Fecha adquisición Serie de enumeración / cronolog&íacute;a Préstamos totales Renovaciones totales Signatura completa Código de barras Fecha última consulta Fecha último préstamo Número de copia Fecha del precio de reemplazo Tipo de item de Koha Localización en estanterías Note pública Fuente de adquisición
  Dewey Decimal Classification     Colección General Biblioteca Pública José Eustasio Rivera - San Martin Biblioteca Pública José Eustasio Rivera - San Martin 07/10/2024       P POM1 SM03146 07/10/2024   Ej.1 07/10/2024 Libro Infantil Sala Infantil    
  Dewey Decimal Classification     Infantil Biblioteca Pública San Carlos de Guaroa - Eduardo Carranza Biblioteca Pública San Carlos de Guaroa - Eduardo Carranza 12/03/2025       C POM1 SG04382 12/03/2025   Ej.1 12/03/2025 LIbro Sala Infantil    
  Dewey Decimal Classification     Infantil Biblioteca Pública San Carlos de Guaroa - Eduardo Carranza Biblioteca Pública San Carlos de Guaroa - Eduardo Carranza 12/03/2025       C POM1 SG04386 12/03/2025   Ej.1 12/03/2025 LIbro Sala Infantil    
        Colección Sala Infantil de Literatura Pocatil y Tilín Biblioteca Pública Departamental Eduardo Carranza - Villavicencio Biblioteca Pública Departamental Eduardo Carranza - Villavicencio 02/20/2013       C POM1 ECA21827 11/26/2024   Ej.1 11/26/2024 LIbro Sala Infantil 16275 | 21050  
        Sala General Biblioteca Pública Departamental Eduardo Carranza - Villavicencio Biblioteca Pública Departamental Eduardo Carranza - Villavicencio 02/20/2013       C POM1 ECA21828 11/26/2024   Ej.3 11/26/2024 LIbro General 16275 | 21051  
        Literatura General Biblioteca Pública Departamental Eduardo Carranza - Villavicencio Biblioteca Pública Departamental Eduardo Carranza - Villavicencio 02/20/2013       C POM1 ECA21829 11/26/2024   Ej.2 11/26/2024 LIbro Literatura 16275 | 21052  
  Dewey Decimal Classification     Sala Infantil Segundo Piso Biblioteca Pública Germán Arciniegas - Villavicencio Biblioteca Pública Germán Arciniegas - Villavicencio 12/04/2015 16/abr/2013 1 2 P POM1 25822 04/27/2018 04/03/2018 Ej. 1 12/04/2015 LIbro      
  Dewey Decimal Classification     Infantil Biblioteca Pública Granada - Boca del Monte Biblioteca Pública Granada - Boca del Monte 02/13/2026       C-POM GRDA00687 02/13/2026   Ej.1 02/13/2026 LIbro Sala Infantil   MINISTERIO DE CULTURA
  Dewey Decimal Classification     Infantil Biblioteca Pública San Juanito - Ernesto Maria Peña Romero Biblioteca Pública San Juanito - Ernesto Maria Peña Romero 07/11/2024       P POM1 SJU00898 07/11/2024   Ej.1 07/11/2024 LIbro Sala Infantil    
  Dewey Decimal Classification     Infantil Biblioteca Pública San Juanito - Ernesto Maria Peña Romero Biblioteca Pública San Juanito - Ernesto Maria Peña Romero 09/25/2024       P POM1 SJU00965 09/25/2024   Ej.1 09/25/2024 LIbro Sala Infantil    









Instituto Departamental de Cultura del Meta - Red Departamental de Bibliotecas Públicas del Meta.